Participes passés irréguliers en portugais brésilien - Statistiques

Statistiques générales
  • Ce quiz a été pris 34 fois
  • Le résultat moyen est 14 sur 27
Statistiques - réponses
Infinitivo Participio irregular % Correct
Abrir Aberto
93%
Cobrir Coberto
81%
Dizer Dito
78%
Escrever Escrito
74%
Completar Completo
70%
Limpar Limpo
70%
Fazer Feito
67%
Ver Visto
67%
Aceitar Aceito
59%
Ganhar Ganho
59%
Expulsar Expulso
52%
Matar Morto
52%
Morrer Morto
52%
Pagar Pago
52%
Vir Vindo
52%
Expressar Expresso
48%
Pegar Pego
48%
Pôr Posto
48%
Secar Seco
44%
Soltar Solto
44%
Salvar Salvo
41%
Acender Aceso
30%
Eleger Eleito
26%
Imprimir Impresso
22%
Prender Preso
22%
Suspender Suspenso
19%
Entregar Entregue
15%
Aucun quiz correspondant
Distribution des résultats
% des personnes avec chaque résultat
Percentile par nombre de réponses
Votre historique - résultats
Vous n’avez pas pris ce quiz